| 000 | 00564nam a2200193Ia 4500 | ||
|---|---|---|---|
| 003 | OSt | ||
| 005 | 20240615120856.0 | ||
| 008 | 210210b1997 xxu||||| |||| 00| 0 eng d | ||
| 040 | _cAL | ||
| 041 | _aHindi | ||
| 082 | _a332.1H PALB | ||
| 100 |
_aPAL (M L). _d (एम् एल) पाल _9171039 |
||
| 245 |
_aBanking vyavahar evam sidhanth. _b बैंकिंग व्यव्हार एंव सिध्दांत |
||
| 260 |
_aKanpur _bSahity Sadan _c1997 |
||
| 300 | _a144 | ||
| 690 |
_aBanking _9171040 |
||
| 906 | _a057035 | ||
| 942 |
_2ddc _cBK |
||
| 999 |
_c104426 _d104426 |
||